| 000 | 00517nam a2200181Ia 4500 | ||
|---|---|---|---|
| 008 | 140925s9999 xx 000 0 und d | ||
| 245 |
_aJournal of international academy of hospitality research / _h[electronic resource] |
||
| 260 |
_bVirginia Tech, _cc1998. |
||
| 516 | _aElectronic text | ||
| 650 | _aHospitality. | ||
| 650 | _aJournal. | ||
| 650 | _aResearch. | ||
| 650 | _aTourism. | ||
| 830 | _aVirginia Teach | ||
| 856 | _uhttp://scholar.lib.vt.edu/ejournals/JIAHR/ | ||
| 942 | _cEJ | ||
| 999 |
_c275755 _d275755 |
||